• 首页
  • 本馆介绍
  • 公告通知
  • 最新文献
  • 馆藏检索
  • 电子资源
  • 读者导购
  • 参考咨询
  • 我的图书馆
  • 登录
  • 详细信息显示
  • 放入我的书架
  • 预约/预借图书
  • 作者相关作品
  • 分类相关作品
  • 丛书相关作品
  • 出版社相关作品

书目信息

  • 表格格式
  • 工作单格式
  • 卡片格式
题名:
初中代数教案
    
 
作者: 胡杞 , 傅佑珊 主编
分册:   一年级
出版信息: 北京   北京师范大学出版社  1999.9
页数: 268页
开本: 26cm
丛书名: 课堂教学设计丛书
单 册:
中图分类: G633.62
科图分类:
主题词: 教育--各级
电子资源:
ISBN: 7-303-02473-5
000 00777nam0 2200241 45
001 0004031677
005 20030109005152.9
010    @a7-303-02473-5@dCNY23.80
100    @a20000403d1999 km y0chiy0120 ea
101 0  @achi
105    @a z 000yy
200 1  @a初中代数教案@AChu Zhong Dai Shu Jiao An@f胡杞,傅佑珊主编@i一年级@FHu Qi,Fu You Shan Zhu Bian
210    @a北京@c北京师范大学出版社@d1999.9
215    @a268页@d26cm
225    @a课堂教学设计丛书
410    @12001 @a课堂教学设计丛书
517    @a一年级@AYi Nian Ji
606 0  @a教育@x各级
690    @aG633.62@v1
701  0 @a胡杞@4主编
701  0 @a傅佑珊@4主编
801    @aCN@bTSTC@c20000406
905    @dG633.62@e282:1@f3@b287164-166@b287179-180@f2@f3@b287170-172@f2@b287168-169@f2@b287177-178@f1@b287174
    
    初中代数教案/胡杞,傅佑珊主编.一年级.-北京:北京师范大学出版社,1999.9
    268页;26cm.-(课堂教学设计丛书)
    
    
    ISBN 7-303-02473-5:CNY23.80
    
●
相关链接 在E读中查询图书 在五车中查询图书 在当当中查询图书 在豆瓣中查询图书


正题名:初中代数教案     索取号:G633.62/282:1         预约/预借

序号 登录号 条形码 馆藏地/架位号 状态 备注
1 0287163   002871636   第四借阅区/ [索取号:G633.62/282:1] 在馆    
2 0287164   002871645   第四借阅区/ [索取号:G633.62/282:1] 在馆    
3 0287165   002871654   第四借阅区/ [索取号:G633.62/282:1] 在馆    
4 0287166   002871663   第四借阅区/ [索取号:G633.62/282:1] 在馆    
5 0287167   002871672   第四借阅区/ [索取号:G633.62/282:1] 在馆    
6 0287168   002871681   第四借阅区/ [索取号:G633.62/282:1] 在馆    
7 0287169   002871690   第四借阅区/ [索取号:G633.62/282:1] 在馆    
8 0287170   002871707   第四借阅区/ [索取号:G633.62/282:1] 在馆    
9 0287171   002871716   第四借阅区/ [索取号:G633.62/282:1] 在馆    
10 0287172   002871725   第四借阅区/ [索取号:G633.62/282:1] 在馆    
11 0287173   002871734   第四借阅区/ [索取号:G633.62/282:1] 在馆    
12 0287174   002871743   第四借阅区/ [索取号:G633.62/282:1] 在馆    
13 0287175   002871752   第四借阅区/ [索取号:G633.62/282:1] 在馆    
14 0287176   002871761   第四借阅区/ [索取号:G633.62/282:1] 在馆    
15 0287177   002871770   第四借阅区/ [索取号:G633.62/282:1] 在馆    
16 0287178   002871789   第四借阅区/ [索取号:G633.62/282:1] 在馆    
17 0287179   002871798   第四借阅区/ [索取号:G633.62/282:1] 在馆    
18 0287180   002871805   第四借阅区/ [索取号:G633.62/282:1] 在馆    
19 0287181   002871814   第四借阅区/ [索取号:G633.62/282:1] 在馆    
20 0287182   002871823   第一样本阅览室/ [索取号:G633.62/282:1] 在馆    
唐山师范学院图书馆 欢迎您!
大连网信软件有限公司© 版权所有